Tous les cantons de Loire-Atlantique sur une carte - Statistiques

Statistiques générales
  • Ce quiz a été pris 193 fois
  • Le résultat moyen est 24 sur 31
Réponses sur la Carte
Les réponses sont colorées sur une échelle allant du rouge au vert en fonction du pourcentage des utilisateurs qui les ont devinées à leur premier essai. Vous pouvez retrouver ces pourcentages ci-dessous.
 
Statistiques - réponses
Canton % Correct
Nantes-1
99%
Nantes-2
99%
Nantes-3
99%
Nantes-4
99%
Nantes-5
99%
Nantes-6
99%
Nantes-7
99%
Saint-Nazaire-1
96%
Saint-Nazaire-2
96%
La Baule-Escoublac
87%
Pornic
85%
Ancenis-Saint-Géréon
83%
Saint-Herblain-1
82%
Saint-Herblain-2
82%
Rezé-1
81%
Rezé-2
81%
Châteaubriant
79%
Saint-Brévin-les-Pins
74%
Guérande
73%
Carquefou
69%
Vertou
67%
Clisson
66%
Saint-Sébastien-sur-Loire
63%
La Chapelle-sur-Erdre
62%
Pontchâteau
60%
Nort-sur-Erdre
57%
Blain
55%
Machecoul-Saint-Même
55%
Vallet
45%
Saint-Philbert-de-Grand-Lieu
43%
Guémené-Penfao
38%
Aucun quiz correspondant
Distribution des résultats
% des personnes avec chaque résultat
Percentile par nombre de réponses
Votre historique - résultats
Vous n’avez pas pris ce quiz